000 00338nam a2200133 a 4500
005 20140414131904.0
008 100923s19uu xx 00 eng d
050 _aFIC
_bR61 2004
100 _aRodda, Emily
245 _aIsle of the dead.
260 _aNew York :
_bScholastic ,
_c2004.
440 _aDragons of Deltora
999 _c110860
_d110860